Word Ladder: Track and Field Quiz Stats

 Plays Quiz Updated Jul 9, 2020

Support Sporcle.
Go Orange.
Score 0/36 Timer 04:00
1 Play Today
Clue 4-Letter Word % Correct
★ In the ____ jump, the athlete lands in a sandpit at the end ★LONG
93.9%
Breathe audibly, especially in reliefSIGH
93.4%
Organ for breathing (singular form)LUNG
92.7%
★ The triple _____ used to be called the 'hop, skip, and ____' ★JUMP
92%
★ The Fosbury Flop is the standard move for the ____ jump ★HIGH
91.7%
Sandhill formed by the windDUNE
90.3%
_____ beetles don't have to eat or drink anything elseDUNG
89.7%
Slightly wet; moistDAMP
89.5%
Native of DenmarkDANE
88.9%
Solitary, by itselfLONE
88.6%
''Star Wars Episode III Revenge of the ____''SITH
88%
Nat King ____COLE
87.8%
Female equivalent of a knightDAME
87.2%
Overturn; empty outDUMP
87.2%
★ Few men have ever cleared 6 meters in the ____ vault competition, and only two women has ever cleared 5 meters ★POLE
87.2%
Flames, sometimes with smokeFIRE
82%
____ in the blankFILL
80%
Horizontal piece beneath a windowSILL
78.6%
Clue 4-Letter Word % Correct
'___ and Circumstance'POMP
78.4%
A fleshy fruit as an apple or pearPOME
74.8%
★ The men's ____ put weighs 16 pounds; the women's weighs 8.8 pounds ★SHOT
74.7%
'30 Rock' Janis Joplin parody Jackie Jormp-____JOMP
74.6%
Male parent, especially of a horseSIRE
74.4%
Traditional knowledgeLORE
73.8%
★ Daegu, S. Korea is the _____ of the Track and Field 2011 World Championships ★SITE
73.7%
Towards the frontFORE
72.3%
Approach, move closerCOME
72.3%
Finer than sandSILT
71.2%
Large, heavy bookTOME
69.1%
AshesSOOT
63.8%
Animal skinPELT
59.9%
Sprinkle through a sieveSIFT
59.9%
Edison Arantes do Nascimento is better known by his nickname: PELE
58.8%
Easily shaped, malleableSOFT
57.2%
Nonwoven fabric matted together by heat, moisture and heavy pressureFELT
54.3%
Norman _____ co-starred on ''Three's Company'' as the landlordFELL
54%

Today's Daily Dose

You're not logged in!

Compare scores with friends on all Sporcle quizzes.
OR
Log In
Forgot?

From the Vault

Spanish Verb Flashcards

by druhutch

“I bought a self learning record to learn Spanish. I turned it on and went to sleep; the record got stuck. The next day I could only stutter in Spanish.” -- Steven Wright
Remove Ads.
Support Sporcle.
Get the best of Sporcle when you Go Orange. This ad-free experience offers more features, more stats, and more fun while also helping to support Sporcle. Thank you for becoming a member.

Show Comments

Extras

Top Quizzes Today


Score Distribution

Your Account Isn't Verified!

In order to create a playlist on Sporcle, you need to verify the email address you used during registration. Go to your Sporcle Settings to finish the process.

Report this User

Report this user for behavior that violates our Community Guidelines.

Details: